LEADER 00883nam a2200253 i 4500 001 991000201569707536 005 20020527110743.0 008 010810s1979 it ||| | ita 035 $ab10044334-39ule_inst 035 $aPARLA217119$9ExL 040 $aDip.to Filosofia$bita 082 0 $a230 100 1 $aWeil, Simone$0159196 245 12$aL'amore di Dio /$cdi Simone Weil ; saggio introduttivo di Augusto Del Noce su Simone Weil, interprete del mondo di oggi 260 $aTorino :$bBorla,$c1979 300 $a229 p. ;$c22 cm. 650 4$aCristianesimo 650 4$aDio 907 $a.b10044334$b21-09-06$c27-06-02 912 $a991000201569707536 945 $aLE005 MF 23 A 36$g1$i2005000236488$lle005$o-$pE0.00$q-$rl$s- $t0$u3$v1$w3$x0$y.i10052306$z27-06-02 996 $aAmore di Dio$9193001 997 $aUNISALENTO 998 $ale005$b01-01-01$cm$da $e-$fita$git $h2$i1